| 000 | 00351 a2200157 4500 | ||
|---|---|---|---|
| 001 | 56958 | ||
| 020 | _a8530503171 | ||
| 040 | _cAnchieta - Pituba | ||
| 100 | _aNicolelis, Giselda Laporta | ||
| 240 | 1 | 0 |
_aPonte sobre o abismo _lpor |
| 245 | 1 | 0 | _aPonte sobre o abismo |
| 300 | _a126 | ||
| 362 | 0 | _a2003 | |
| 650 | 4 | _aLiteratura juvenil | |
| 942 | _cBK | ||
| 999 |
_c56958 _d56958 |
||